Berne y Levy (Registro nro. 166816)
[ vista simple ]
| 000 -ENCABEZADO | |
|---|---|
| Número de control [NR] | 01288nam a22003497a 4500 |
| 005 - FECHA Y HORA DE LA ÚLTIMA TRANSACCIÓN | |
| control field | 20180312122239.0 |
| 008 - DE LONGITUD FIJA DE DATOS DE ELEMENTOS - INFORMACIÓN GENERAL | |
| Elementos de longitud fija [NR] | 130516s2009 sp ad frn 001 0dspa d |
| 020 ## - NUMERO INTERNACIONAL NORMALIZADO PARA LIBROS [R] | |
| Número Internacional Normalizado del libro [NR] | 9788480864343 |
| 040 ## - FUENTE DE CATALOGACION [NR] | |
| Agencia de catalogación original [NR] | CO-BoUCM |
| Idioma de catalogación [NR] | spa |
| Quien Cataloga | Jose A. Gerena (modificó) |
| Quien Clasifica | [Nuevo] |
| 041 ## - CODIGO DE IDIOMA [R] | |
| Código de idioma para texto/pista de sonido o título separado [R] | Español |
| 060 ## - SIGNATURA TOPOGRAFICA DE LA BIBLIOTECA NACIONAL DE MEDICINA (NLM) [R] | |
| Número clasificador [R] | QT 104 |
| 245 00 - MENCION DE TITULO [NR] | |
| Título [NR] | Berne y Levy |
| Parte restante del título [NR] | fisiología |
| Mención de responsabilidad, etc. [NR] | editores Bruce M. Koeppen, Bruce A. Stanton |
| 246 10 - FORMA VARIANTE DEL TITULO [R] | |
| Título propiamente dicho/forma breve del título [NR] | Fisiología |
| 250 ## - MENCION DE EDICION [NR] | |
| Mención de edición [NR] | 6a ed |
| 260 ## - PUBLICACION, DISTRIBUCION, ETC. (PIE DE IMPRENTA) [R] | |
| Lugar de publicación, distribución, etc. [R] | Barcelona (España) |
| Nombre del editor, distribuidor, etc. [R] | Elsevier/Mosby |
| Fecha de publicación, distribución, etc. [R] | 2009 |
| 300 ## - DESCRIPCION FISICA [R] | |
| Extensión [R] | xii, 833 páginas |
| Otros detalles físicos [NR] | ilustraciones, diagramas, gráficas y tablas a color |
| 504 ## - NOTA DE BIBLIOGRAFIA, ETC. [R] | |
| Nota de bibliografía, etc. [NR] | Incluye referencias bibliográficas e índices |
| 650 #7 - ASIENTO SECUNDARIO DE MATERIA - TERMINO TEMATICO [R] | |
| Término temático o nombre geográfico como elemento de entrada [NR] | Biología humana |
| 9 (RLIN) | 37554 |
| 650 #7 - ASIENTO SECUNDARIO DE MATERIA - TERMINO TEMATICO [R] | |
| Término temático o nombre geográfico como elemento de entrada [NR] | Cuerpo humano |
| 9 (RLIN) | 12318 |
| 650 #7 - ASIENTO SECUNDARIO DE MATERIA - TERMINO TEMATICO [R] | |
| Término temático o nombre geográfico como elemento de entrada [NR] | Fisiología celular |
| 9 (RLIN) | 15929 |
| 650 #7 - ASIENTO SECUNDARIO DE MATERIA - TERMINO TEMATICO [R] | |
| Término temático o nombre geográfico como elemento de entrada [NR] | Fisiología del sistema endocrino |
| 9 (RLIN) | 37555 |
| 650 #7 - ASIENTO SECUNDARIO DE MATERIA - TERMINO TEMATICO [R] | |
| Término temático o nombre geográfico como elemento de entrada [NR] | Fisiología humana |
| 9 (RLIN) | 15943 |
| 650 #7 - ASIENTO SECUNDARIO DE MATERIA - TERMINO TEMATICO [R] | |
| Término temático o nombre geográfico como elemento de entrada [NR] | Fisiología |
| 9 (RLIN) | 15925 |
| 690 ## - ASUNTO AGREGADO LOCAL DE ENTRADA - TÉRMINO TEMÁTICO (OCLC, RLIN) | |
| Acceso temático local | Fisiología |
| 700 1# - ASIENTO SECUNDARIO - NOMBRE PERSONAL [R] | |
| Nombre personal [NR] | Berne, Robert Matthew |
| Fechas asociadas con el nombre [NR] | 1918-2001 |
| 9 (RLIN) | 37556 |
| 700 1# - ASIENTO SECUNDARIO - NOMBRE PERSONAL [R] | |
| Nombre personal [NR] | Koeppen, Bruce M. |
| Término de relación [R] | editor |
| 9 (RLIN) | 37558 |
| 700 1# - ASIENTO SECUNDARIO - NOMBRE PERSONAL [R] | |
| Nombre personal [NR] | Levy, Matthew N. |
| Fechas asociadas con el nombre [NR] | 1922- |
| 9 (RLIN) | 37557 |
| 700 1# - ASIENTO SECUNDARIO - NOMBRE PERSONAL [R] | |
| Nombre personal [NR] | Stanton, Bruce A. |
| Término de relación [R] | editor |
| 9 (RLIN) | 37559 |
| 765 ## - ASIENTO DE IDIOMA ORIGINAL [R] | |
| Título [NR] | physiology |
| 856 40 - LOCALIZACION Y ACCESO ELECTRONICOS [R] | |
| Identificador Uniforme del Recurso (“URI”) [R] | <a href="www.studentconsult.com">www.studentconsult.com</a> |
| Nota dirigida al público [R] | Este recurso requiere clave, solicítela en la USEB |
| 942 ## - ELEMENTOS DE ENTRADA AGREGADOS (KOHA) | |
| Tema principal | Ciencias de la salud |
| Tipo de ítem principal el descrito en 300a | Libro |
| Edición | 6 |
| Parte restante de la signatura top. | B524f |
| Sistema de clasificación | NLM |
| Clasificación | QT 104 |
| Título oculto en OPAC | No |
| Fecha de último préstamo | Total préstamos | Total Renewals | Signatura topográfica | Código de barras | Última vez visto | Volúmen / Fascículo | Ejemplar | Price effective from | Tipo de ítem | Perdido | Sistema de clasificación | Dañado | No prestable | Tipo de ítem específico | Suprimido | Ubicación habitual | Ubicación actual | Localización | Fecha de creación | Forma de adquisición | Costo | Costo de reposición | Proveedor | Prestado |
|---|---|---|---|---|---|---|---|---|---|---|---|---|---|---|---|---|---|---|---|---|---|---|---|---|
| 29/01/2026 | 360 | 23 | QT 104 B524f | 200023647 | 02/02/2026 | 6a. Ed. | Ej.1 | 03/02/2013 | Libro | NLM | Libro | Quinta de Mutis | Quinta de Mutis | 1er piso | 28/02/2013 | Compra | 0.00 | |||||||
| 15/08/2025 | 36 | 23 | QT 104 B524f | 200025726 | 11/12/2025 | 6a.Ed. | Ej.2 | 26/11/2013 | Libro | NLM | Libro | Quinta de Mutis | Quinta de Mutis | 1er piso | 26/11/2013 | Compra | 177800.00 | 177800.00 | 17 | |||||
| 30/01/2026 | 41 | 27 | QT 104 B524f | 200025795 | 06/04/2026 | 6a.Ed. | Ej.3 | 17/01/2014 | Libro | NLM | Libro | Quinta de Mutis | Quinta de Mutis | 1er piso | 17/01/2014 | Compra | 190500.00 | 190500.00 | 26 | |||||
| 30/01/2026 | 40 | 35 | QT 104 B524f | 200025796 | 30/01/2026 | 6a.Ed. | Ej.4 | 17/01/2014 | Libro | NLM | Libro | Quinta de Mutis | Quinta de Mutis | 1er piso | 17/01/2014 | Compra | 190500.00 | 190500.00 | 26 | 02/03/2026 |